000 00515nam a2200217Ia 4500
003 OSt
005 20220928142405.0
006 a|||||r|||| 00| 0
007 ta
008 220927b |||||||| |||| 00| 0 eng d
024 _a19512
037 _cTextual
040 _aSDCL
_cSDCL
_beng
041 _2eng
_aeng
082 _aW6.2'C, K8
100 _aSharma J P
245 0 _aRepublics in ancient India
260 _c1968
942 _hW6.2'C, K8
_cTEXL
_2CC
999 _c821682
_d821682